000 00744nam a2200253 i 4500
001 bg
100 1 _aTHAYER, Rob
245 1 0 _aVisual Basic 6 :
_bksięga eksperta /
_cRob Thayer ; [tł. Maria Sokół].
246 _iTyt. oryg.:
_aVisual Basic 6 unleashed
260 _aGliwice :
_b"Helion",
_ccop. 1999.
300 _a904 s. :
_bil. ;
_c24 cm +
_eCD ROM.
500 _aTyt. oryg.: ["Visual Basic 6 unleashed"].
504 _aIndeks.
650 9 _aVisual Basic
655 _aPodręczniki
020 _a837197096X
040 _cBPK
041 1 _apl
_hen
080 _a004.438(07)Basic
920 _a83-7197-096-X
942 _cKS
008 s pl f |000 0 pol
999 _c38737
_d38737
856 _uhttp://koha.tu.koszalin.pl/cgi-bin/koha/opac-detail.pl?biblionumber=38737
_yKatalog online BPK